[Event "WCh"]
[Site "Elista RUS"]
[Date "2006.09.23"]
[Round "1"]
[White "Kramnik, Vladimir"]
[Black "Topalov, Veselin"]
[Result "1-0"]
[WhiteElo "2743"]
[BlackElo "2813"]
[Annotator "Rodríguez, Am"]
[PlyCount "149"]
[EventDate "2006.09.23"]
[EventType "match"]
[EventRounds "12"]
[Source "EDAMI"]
[SourceDate "2006.12.20"]

1. d4 {Kramnik abre el match de Peón de Dama, una decisión que no sorprende a
nadie, al ser su arma habitual. Es cierto que en el transcurso de los últimos
años, Kramnik estuvo experimentando con el Peón de Rey, pero sus resultados no
fueron particularmente brillantes.} Nf6 2. c4 e6 3. Nf3 d5 4. g3 {Tampoco sorpr
ende la elección de la Catalana, porque es habitual en el repertorio de
Kramnik, quien incluso la había usado para vencer a Topalov en Dortmund 2005}
dxc4 5. Bg2 Bb4+ {Una línea menos popular que 5...Be7, 5...c5, 5...Nc6, etc,
pero Topalov venía bien preparado.} 6. Bd2 a5 7. Qc2 Bxd2+ 8. Qxd2 {De las vein
te y tantas partidas conocidas, una gran mayoría habían continuado con 8.Nbd2,
pero curiosamente, en todas las partidas disputadas durante 2006 sólo se ha
capturado con dama, que es más arriesgada y ambiciosa.} (8. Nbxd2 b5 9. a4 c6 {
era una forma lógica de continuar la partida por ambos bandos}) 8... c6 {
También se ha jugado en varias partidas 8...Bd7, para llevar el alfil a c6 y
buscar simplificaciones tempranas.} 9. a4 b5 10. axb5 cxb5 11. Qg5 O-O 12. Qxb5
Ba6 $5 {Una novedad, preparada por Topalov pero que aparentemente rivales
habían analizado.} (12... Na6 13. Qxc4 Nb4 14. Qb3 e5 15. Nxe5 Rb8 16. O-O Qxd4
17. Rxa5 Be6 18. Qc3 {
Con clara ventaja de las blancas,  Grischuk-Moiseenko, Sochi 2006}) 13. Qa4 ({
La alternativa crucial era} 13. Qxa5 Bb7 14. Qxd8 Rxa1 15. Qxf8+ Kxf8 16. O-O
Ra2 {pero las negras parecen obtener suficiente compensación por su peón.})
13... Qb6 14. O-O Qxb2 15. Nbd2 Bb5 16. Nxc4 Bxa4 17. Nxb2 Bb5 18. Ne5 Ra7 {
La apertura ha derivado en un temprano final sin damas, algo que le viene
mejor al estilo de Kramnik. Todos los comentaristas se pasaron la tarde
buscando jugadas para que el blanco lograra ventaje, pero lo que ocurrió fue
diferente, Topalov jugó de forma excelente neutralizón con relativa facilidad
las posibles opciones de las blancas.} 19. Bf3 {Una jugada tímida, que fue
cuestionada por muchos, que preferían directamente 19.Nbc4 para buscar ganar
un tiempo después con 20.Rfb1 atacando al alfil negro.} Nbd7 20. Nec4 Rb8 21.
Rfb1 g5 $5 {Los caballos blancos en b2 y c4 más defienden que asustan y las
negras sienten que pueden expandirse sin riesgos.} 22. e3 g4 23. Bd1 {
Desde aquí el alfil controla bien al peón pasado negro, pero ahora las negras
ocupan la gran diagonal.} Bc6 24. Rc1 Be4 25. Na4 Rb4 26. Nd6 Bf3 27. Bxf3 gxf3
{A partir de aquí comienza a perfilarse que las blancas tendrán que andar con
cuidado. Hay un peón pasado en a5 y otro aparentemente débil en f3, pero que
actúa como una desagradable cuña oprimiendo la posición blanca.} 28. Nc8 (28.
Rc6 {Era una posibilidad natural pero se entiende que Kramnik no quisiera
dejar vulnerable su primera fila.}) 28... Ra8 29. Ne7+ Kg7 30. Nc6 Rb3 31. Nc5
({un poco extraño, pero tal vez interesante, era acercar el rey al centro con} 
31. Kf1 Ne4 32. Ke1) 31... Rb5 32. h3 {
Las alternativas no prometían algo mejor.} (32. Ra2 Nxc5 33. dxc5 Ne4 34. Rac2
a4 35. Nd4 Rxc5 36. Rxc5 Nxc5 37. Rxc5 a3 38. h3 a2 39. Nb3 Rb8 40. Rc2 Rxb3
41. Rxa2 h5) (32. Ra4 Nxc5 33. dxc5 Nd7 34. Rac4 a4) (32. Ne5 $2 Nxe5 33. dxe5
Ng4) 32... Nxc5 33. Rxc5 Rb2 34. Rg5+ Kh6 35. Rgxa5 Rxa5 36. Nxa5 {Esta jugada
parece conducir a un empate inmediato. Conociendo lo que pronto va a ocurrir,
valdría la pena investigar a fondo si la captura con torre era más adecuada
para forzar las tablas.} (36. Rxa5 $5 Rb1+ (36... Ne4 37. Ne5 f6 (37... Nxf2 $2
38. Nxf7+ Kg7 39. Ng5 $1 $14) 38. Nxf3 Nxf2 (38... Rxf2 $2 39. Ng5 $1 fxg5 40.
Re5 $16) 39. Ra6 $11) 37. Kh2 Ne4 (37... Rf1 38. Ra2 Ne4 39. Ne5 Nxf2 40. Nxf3
Nd1 41. Ra1) 38. Ra2 Re1 $5 {
Ahora hay mucho peligro en la posición, pero parece que} 39. Nb4 {
aguanta, por ejemplo} Re2 40. Kg1) 36... Ne4 37. Rf1 Nd2 38. Rc1 Ne4 39. Rf1 f6
$1 {La jugada que provocó la primera conmoción de este match. Cuando parecía
que se iba a firmar el empate, Topalov lo rechaza y demuestra que
objetivamente su posición es mejor, pese al peón de menos y Kramnik tendrá que
hilar fino para conseguir tablas.} 40. Nc6 Nd2 41. Rd1 Ne4 42. Rf1 Kg6 43. Nd8
Rb6 44. Rc1 h5 45. Ra1 h4 46. gxh4 Kh5 47. Ra2 Kxh4 48. Kh2 Kh5 49. Rc2 Kh6 50.
Ra2 Kg6 51. Rc2 Kf5 52. Ra2 {Kramnik no puede hacer otra cosa que repetir
jugadas y se vislumbra que si las negras logran llevar su torre a la columna g,
podrán entonces ganar la partida.} Rb5 53. Nc6 Rb7 54. Ra5+ Kg6 55. Ra2 Kh5 {
Las negras ahora amenazan finalmente 56...Rg7, jugada que directamente no
servía porque a 55...Rg7 las blancas jugaban 56.Ra7 forzando el cambio.} (55...
Rg7 56. Ra7) 56. d5 {Esta jugada es única.} e5 (56... Rg7 $2 57. dxe6 Rg2+ 58.
Kh1 Nxf2+ 59. Rxf2 Rxf2 60. e7 Rf1+ 61. Kh2 Rf2+ 62. Kg3 Rg2+ 63. Kxf3 Rg8 64.
Ke4 {y el final ahora favorece a las blancas}) 57. Ra4 {Después de esta jugada,
consiguen las blancas finalmente solucionar sus problemas. ?Tenían las negras
a su alcance alguna línea victoriosa en este final? Los análisis efectuados
hasta el momento no han permitido encontrarla.} f5 $4 {Topalov, sobradísimo de
tiempo, jugó al toque este peón, en lo que constituye un increíble error fatal
que regala esta partida después del buen trabajo realizado.} ({Casi todas las
jugadas de caballo eran buenas para empatar, pero la jugada más sencilla era} 
57... Nxf2 58. Kg3 e4 $1 59. Kxf2 Rb2+ 60. Ke1 Rb1+ 61. Kf2 Rb2+) 58. Nxe5 Rb2
59. Nd3 {Quizás fue esta la jugada que omitió Topalov, pero de no haber
contado con ella, las blancas hubieran podido sacrificar calidad en e4 también
con buenas oportunidades.} Rb7 60. Rd4 Rb6 61. d6 $1 Nxd6 62. Kg3 Ne4+ 63. Kxf3
{El resto es puro trámite.} Kg5 64. h4+ Kf6 65. Rd5 Nc3 66. Rd8 Rb1 67. Rf8+
Ke6 68. Nf4+ Ke5 69. Re8+ Kf6 70. Nh5+ Kg6 71. Ng3 Rb2 72. h5+ Kf7 73. Re5 Nd1
74. Ne2 Kf6 75. Rd5 1-0

[Event "WCh"]
[Site "Elista RUS"]
[Date "2006.09.27"]
[Round "4"]
[White "Topalov, Veselin"]
[Black "Kramnik, Vladimir"]
[Result "1/2-1/2"]
[WhiteElo "2813"]
[BlackElo "2743"]
[Annotator "Martin, A"]
[PlyCount "107"]
[EventDate "2006.09.23"]
[EventType "match"]
[EventRounds "12"]
[Source "EDAMI"]
[SourceDate "2006.12.20"]

1. d4 d5 2. c4 c6 3. Nc3 Nf6 4. e3 ({A pesar de que en la segunda partida
Topalov obtuvo un juego muy acorde a su estilo, en esta ocasión se desvía de} 
4. Nf3 dxc4 {
como se jugó allí, y opta por otra continuación, también muy popular.}) 4... e6
5. Nf3 Nbd7 6. Bd3 dxc4 7. Bxc4 b5 8. Bd3 Bb7 ({
Aquí existe una alternativa importante con} 8... a6 {para jugar enseguida ...
c5. Topalov solo ha tenido que enfrentarse a ese esquema en una ocasión, en su
partida frente a Lautier en Dos Hermanas 1994, que siguió} 9. e4 c5 10. d5 c4
11. dxe6 fxe6 12. Bc2 Qc7 13. O-O Bb7 {y más tarde la partida terminó en
tablas. Por cierto que esta misma posición, pero sin el cambio de peones en e6,
se presentó en la partida Kasparov-Kramnik, también en Dos Hermanas, aunque
dos años más tarde, una partida que Kramnik ganó brillantemente y fue
reproducida en todas las revistas del mundo.}) 9. a3 (9. O-O {
es la continuación principal.}) 9... b4 10. Ne4 Nxe4 11. Bxe4 bxa3 12. O-O ({
Un interesante sacrificio de peón que ya se ha jugado en varias ocasiones.} 12.
bxa3 {es también posible.}) 12... Bd6 ({Se considera lo mejor, pero es de
resaltar que Kramnik aceptó una vez el sacrificio del peón jugando frente a
Ivanchuk en Nueva York 1994. Claro que se trataba de una partida rápida, que
continuó} 12... axb2 13. Bxb2 Nf6 14. Bd3 Be7 15. Qb1 {
y las negras devolvieron rápidamente el peón con} Rb8 16. Rxa7 Qb6 17. Qa2 O-O
{y 8 jugadas más terde se acrodaron las tablas.}) 13. b3 Nf6 14. Nd2 $146 {
Una novedad que marca un plan diferente a lo que hasta el momento se había
jugado} (14. Bd3 c5 15. dxc5 (15. Bb5+ Ke7 16. Bxa3 cxd4 17. Qxd4 {
se ha jugado también}) 15... Bxc5 16. Bb5+ Ke7 17. Bxa3 Bxa3 18. Qxd8+ Rhxd8
19. Rxa3 a6 20. Bc4 Rd6 {donde las negras no tienen problemas.}) 14... Qc7 ({
Las negras podían ganr un peón con} 14... Nxe4 15. Nxe4 Bxh2+ {pero tras} 16.
Kxh2 Qh4+ 17. Kg1 Qxe4 18. f3 (18. Bxa3 $4 c5) 18... Qh4 19. Bxa3 {la compensac
ión sería evidente en vista de la posición estancada del rey negro en el
centro.}) 15. Bf3 ({Esto fue jugado con bastante rapidez por Topalov, lo que
parece indicar que formaba parte de su preparación. Pero también merece
considerarse} 15. Bxa3 $5) 15... Bxh2+ 16. Kh1 Bd6 17. Nc4 Be7 ({
Evidentemente no vale} 17... O-O $4 18. Nxd6 Qxd6 19. Bxa3) 18. Bxa3 O-O 19.
Bxe7 ({La idea de las blancas es aprovechar las casillas negras y por ello
este cambio resulta lógico. Pero} 19. Bc5 $5 {
era una opción asimismo interesante.}) 19... Qxe7 20. Ra5 Rfd8 21. Kg1 {
esta jugada siempre es útil aunque tal vez las blancas podían esperar un poco
más para hacerla. 21.Qc2 era otra opción.} c5 {Con la presenta estructura de
peones negros, las blancas siempre tienen compensación, así que Kramnik opta
por el camino más simple, devolviendo el peón para liberar su juego.} 22. Rxc5
Ne4 (22... Bxf3 23. Qxf3 Nd5 24. Ne5 {es un juego bastante más fácil para las
blancas, donde Ra1, e4 o Nc6 son amenazas peligrosas.}) 23. Bxe4 Bxe4 24. Qg4
Bd3 ({Más tarde el alfil tendrá problemas en esta diagonal para encontrar un
lugar activo. Parecía más natural} 24... Bd5) 25. Ra1 ({Y aquí} 25. Rc1 {
parecía más lógica, pues la amenaza Ne5 fuerza prácticamente al cambio en c4,
poco deseable para el negro desde el punto de vista posicional.}) 25... Rac8
26. Raa5 ({A Topalov no le pareció suficiente} 26. Rxc8 Rxc8 27. d5 Qd7 28.
dxe6 Qxe6 29. Qxe6 fxe6 30. Ne5 {
aunque no está claro si con la continuación elegida puede aspirar a más.})
26... Rb8 ({Tampoco es evidente la razón por la que Kramnik renuncia a la
simplificación con} 26... Rxc5 27. Rxc5 Qb7 {y si} 28. Na5 Qb4) 27. Qd1 Be4 28.
Qa1 Rb7 29. Nd2 Bg6 ({
Ahora el alfil tiene que ubicarse en esta posición poco afortunada, ya que si} 
29... Bd5 $2 30. e4 Bxb3 31. Ra3) ({o} 29... Bd3 30. Qc3) 30. Qc3 h6 31. Ra6 {
La idea de esta jugada parece ser continuar con Rac6, pero enseguida las
blancas cambian de plan y finalmente permiten al negro activar de nuevo su
alfil. Merecía considerarse la idea de jugar f3, aunque resulta difícil
afirmar que otorgase a las blancas una ventaja sustancial.} Kh7 32. Nc4 Be4 33.
f3 Bd5 {Quizá las blancas conservan aún una mínima ventaja, pero es claro que
las negras ya han superado los principales problemas.} 34. Nd2 Rdb8 ({
Las negras renuncian a} 34... Qh4 {que en caso de} 35. e4 Qe1+ 36. Kh2 Qh4+ {
llevaría a las tablas. Es probable que las blancas hubieran contestado con 35.
Ra1, como en la partida.}) 35. Qd3+ f5 ({esto es forzado porque si} 35... Kg8
$2 36. e4 Bxb3 37. Rc3 {y ya no es suficiente} Qh4 {por la simple} 38. Ra1 {
evitando el jaque en e1 y ganando el alfil tras} Qd8 39. d5 $1) 36. Rc3 Qh4 37.
Ra1 Qg3 {Las posibilidades están equilibradas. Las siguientes maniobras no
afectan mucho a dicho equilibrio.} 38. Qc2 Rf7 39. Rf1 Qg6 40. Qd3 Qg3 41. Rfc1
Rfb7 42. Qc2 Qg5 43. Ra1 Qf6 44. Qd3 Rd7 45. Ra4 Rbd8 46. Rc5 Kg8 47. Nc4 {
Finalmente las blancas deciden hacer algo diferente, lo que precipita la
simplificación puesto que las negras no van a permitir que el caballo vaya ae5.
} Bxc4 48. Raxc4 (48. Qxc4 {era algo mejor, aunque tampoco debe ser suficiente.
}) 48... f4 49. Rc6 fxe3 50. Qxe3 Rxd4 51. Rxe6 Qh4 52. Rxd4 Qxd4 53. Re8+ Kh7
54. Qxd4 1/2-1/2

[Event "WCh"]
[Site "Elista RUS"]
[Date "2006.10.02"]
[Round "6"]
[White "Topalov, Veselin"]
[Black "Kramnik, Vladimir"]
[Result "1/2-1/2"]
[WhiteElo "2813"]
[BlackElo "2743"]
[Annotator "Martin, A"]
[PlyCount "61"]
[EventDate "2006.09.23"]
[EventType "match"]
[EventRounds "12"]
[Source "EDAMI"]
[SourceDate "2006.12.20"]

1. d4 d5 2. c4 c6 3. Nf3 Nf6 4. Nc3 dxc4 5. a4 Bf5 6. Ne5 {
Desviándose de la segunda partida, donde Topalov jugó 6.e3} e6 7. f3 {
La línea más aguda, que casualmente ha sido utilizada por el mismo Kramnik en
diversas ocasiones con las piezasblancas} c5 {La línea principal es} (7... Bb4
8. e4 Bxe4 9. fxe4 Nxe4 10. Bd2 Qxd4 11. Nxe4 Qxe4+ 12. Qe2 Bxd2+ 13. Kxd2 Qd5+
14. Kc2 Na6 {que lleva a una lucha muy complicada que sin duda sería del gusto
de Topalov. La línea elegida por Kramnik evita esas complicaciones, aunque
estaba considerada como prometedora para las blancas. El tratamiento del ruso
en la presente partida puede hacer variar esa opinión.}) 8. e4 Bg6 ({Una idea d
e Smyslov que había tenido hasta ahora pocos seguidores, pero que sin duda ha
sido objeto de un importante estudio por parte de Kramnik y su equipo. Lo
habitual era} 8... cxd4 9. exf5 Nc6 10. Nxc6 bxc6 11. fxe6 fxe6 12. Qe2 {
así continuó, por ejemplo, una partida Topalov-Gelfand. Dos hermanas 1996, que
terminó con el triunfo de las blancas.}) 9. Be3 cxd4 10. Qxd4 Qxd4 11. Bxd4
Nfd7 $1 {Smyslov encontró esta mejora en una partida frente a Pia Cramling,
despues de que un año antes, frente a la misma jugadora, hubiera jugado} (11...
Nc6 12. Nxc6 bxc6 13. Bxc4 Nd7 14. Ke2 e5 15. Be3 {y las blancas consiguieron
una pequeña pero firme ventaja. Cramling, P-Smyslov, V. Roquebrune 1998.}) 12.
Nxd7 ({Si} 12. Nxc4 Nc6 13. Be3 Bc5 14. Kf2 Ke7 {
las negras no tienen problemas. Nielsen,P -Hracek,Z. Hamburgo 2006.}) 12...
Nxd7 13. Bxc4 a6 ({Novedad. En la partida de referencia se había jugado} 13...
Rc8 14. Ba2 ({es probable que con el orden de jugadas introducido por Kramnik
quisiera evitar la variante} 14. Bb5 $5 a6 15. Bxd7+ Kxd7 16. Ke2 Rg8 17. Rhd1
Ke8 18. Bb6 $14 {donde las negras todavía tienen problemas.}) 14... a6 15. Ke2
Nb8 16. Rhd1 Nc6 17. Bb6 Bb4 18. Rd2 Ke7 19. Rad1 Nb8 $1 20. Bf2 f6 {y tras lle
var su alfil a e8 y c6 las negras pudieron, poco a poco, ir neutralizando la
presión adversaria. Cramling,P -Smyslov,V. Marbella 1999.}) 14. Ke2 Rg8 {
En esto se basa toda la idea de Kramnik. A pesar de su dudoso aspecto, esta
jugada evita crearse ninguna debilidad y prepara el desarrollo del alfil de
casillas negras. Las blancas están algo mejor, pero las negras tienen buenas
perspectivas de terminar su desarrollo sin hacer ninguna concesión.} 15. Rhd1
Rc8 16. b3 (16. Ba2 {Es posible pero tiene menos sentido. El plan de las
blancas incluye jugar a5 y Na4, para lo cual la disposición de piezas adoptada
por Topalov parece más adecuada.}) 16... Bc5 17. a5 Ke7 18. Na4 Bb4 $5 ({
Una interesante decisión, atacando a5 e invitando al cambio de caballos. Pero
tampoco parecíamalo} 18... Bxd4 19. Rxd4 Ne5 20. Rad1 Rgd8 {aunque tras} 21.
Nb6 {las negras tuvieran que jugar} Rb8) 19. Nb6 ({La alternativa era} 19. Nb2
{contra lo que probablemente Kramnik quería seguir con} Bd6 20. h3 Ne5) 19...
Nxb6 20. Bxb6 f6 ({El alfil en g6 es una pieza muy pasiva y Kramnik quiere
activarlo antes de buscar nuevas simplificaciones, aunque} 20... Bc5 21. Bxc5+
Rxc5 {tampoco parecía malo. En todo caso las negras han obtenido una posición
sin ningún problema tras la apertura.}) 21. Rd3 Rc6 $1 {
Para eventualmente oponerse en la columna abierta con Rd6.} 22. h4 Rgc8 23. g4
Bc5 24. Rad1 {Este sacrificio temporal de peón es la única forma de complicar
un poco la partida, pero tampoco ocasionará demasiados problemas a las negras.}
Bxb6 ({Si} 24... Be8 25. Bd8+ Kf8 26. f4 {las blancas mantienen la presión.})
25. Rd7+ Kf8 26. axb6 Rxb6 27. R1d6 Rxd6 28. Rxd6 Rc6 $1 ({Lo más simple.} 
28... e5 29. Rb6 Rc7 30. Bd5 Bf7 31. Bxb7 a5 {todavía permitiría a las blancas
presionar un poco más, aunque objetivamente la posición estaría igualada.}) 29.
Rxc6 bxc6 30. b4 ({O} 30. Bxe6 a5 31. Kd3 Ke7 32. Bc4 Kd6 $11) 30... e5 31.
Bxa6 1/2-1/2